Statistiques concernant Associez ces rappeurs français à leurs chansons

Cliquez ici pour prendre le quiz!

Statistiques générales

  • Ce quiz a été pris 1 216 fois
  • Le résultat moyen est 8 sur 20

Statistiques - réponses

HintRéponse% Correct
ZolaL1 L2
80%
NinhoUn poco
77%
SCHFusil
72%
Djadja & DinazJ'fais mes affaires
70%
NapsPochon bleu
63%
HamzaLife
61%
DamsoPériscope
58%
LacrimGustavo Gaviria
44%
TimalArrivant
37%
NiskaCarjack Chiraq
36%
DinosNamek
35%
So la LuneRodé
34%
13 BlockZidane
29%
RounhaaWish I was special
27%
Orelsan1990
25%
BoobaDouble Poney
21%
KaarisJe bibi
20%
Hayce LemsiOne-one
19%
JulAghju capitu
18%
Mister VBoogie
18%

Distribution des résultats

Percentile par nombre de réponses

% des personnes avec chaque résultat

Votre développement - résultats

Vous n’avez pas pris ce quiz